<?xml version="1.0" encoding="UTF-8"?>
<collection xmlns="http://www.loc.gov/MARC21/slim">
 <record>
  <leader>00626nam a22001335a 4500</leader>
  <controlfield tag="001">EEA.libagro000712</controlfield>
  <controlfield tag="005">20150407105627.0</controlfield>
  <controlfield tag="008">130809s1953####ae#a##########000#0#fre#d</controlfield>
  <datafield tag="082" ind1="0" ind2="4">
   <subfield code="a">553.70966</subfield>
  </datafield>
  <datafield tag="100" ind1="1" ind2=" ">
   <subfield code="a">Dubief, Jean,</subfield>
   <subfield code="d">1903-</subfield>
  </datafield>
  <datafield tag="245" ind1="1" ind2="0">
   <subfield code="a">Essai sur l'hydrologie superficielle au Sahara /</subfield>
   <subfield code="c">Jean Dubief.</subfield>
  </datafield>
  <datafield tag="260" ind1=" " ind2=" ">
   <subfield code="a">Clairbois-Birmandreis :</subfield>
   <subfield code="b">Gouvernement général de l'Algérie, Direction du service de la colonisation et de l'hydraulique, Service des études scientifiques,</subfield>
   <subfield code="c">[1953]</subfield>
  </datafield>
  <datafield tag="300" ind1=" " ind2=" ">
   <subfield code="a">457 p. :</subfield>
   <subfield code="b">il. ; mapas col. (3 pleg. col. en sobre), diagrs., tablas ;</subfield>
   <subfield code="c">27 cm.</subfield>
  </datafield>
  <datafield tag="859" ind1=" " ind2=" ">
   <subfield code="a">AR-BbBCA</subfield>
   <subfield code="b">BIB. AGRONOMIA</subfield>
   <subfield code="h">553.70966</subfield>
   <subfield code="i">D814</subfield>
   <subfield code="p">1958/0843</subfield>
  </datafield>
 </record>
</collection>
